Návrh metód riadenia prístupu pre dátové a VoIP služby

Gespeichert in:
Bibliographische Detailangaben
1. Verfasser: Holienčin, Marek (Verfasst von)
Weitere Verfasser: Baroňák, Ivan (Betreuung Doktorarbeit)
Format: Manuskript Buch
Sprache:Slowakisch
Veröffentlicht: 2019
Schlagworte:
Online-Zugang:http://is.stuba.sk/zp/portal_zp.pl?podrobnosti=152959
Tags: Tag hinzufügen
Keine Tags, Fügen Sie das erste Tag hinzu!

MARC

LEADER 00000ntm a22000003a 4500
001 stuzp71651
003 SK-STU
005 20190626143237.7
007 ta
008 150427s2015----xo-----f-mn---000-0-slo-d
040 |a STU  |b slo 
041 0 |a slo 
044 |a xo 
100 1 |a Holienčin, Marek  |u 037000  |k Z4  |4 aut  |U FEI Fakulta elektrotechniky a informatiky  |T FEI Ústav multimediálnych informačných a komunikačných technológií  |X 74935  |U E070  |Y 818  |7 74935 
242 0 1 |a Proposal of Admission Control Methods for Data and VoIP Services  |y eng 
245 1 0 |a Návrh metód riadenia prístupu pre dátové a VoIP služby 
260 |c 2019 
300 |a 55 s. 
650 4 |a Riadenie prístupu  |2 slo 
650 4 |a AC  |2 slo 
650 4 |a MBAC  |2 slo 
650 4 |a NGN  |2 slo 
650 4 |a IMS  |2 slo 
650 4 |a Admission control  |2 eng 
650 4 |a IMS  |2 eng 
650 4 |a AC  |2 eng 
650 4 |a MBAC  |2 eng 
650 4 |a NGN  |2 eng 
700 1 |a Baroňák, Ivan  |u 037000  |k Z1  |4 ths  |U FEI Fakulta elektrotechniky a informatiky  |T FEI Ústav multimediálnych informačných a komunikačných technológií  |X 1925  |U E070  |Y 818  |7 A000001925 
856 4 |u http://is.stuba.sk/zp/portal_zp.pl?podrobnosti=152959 
996 |b 284EP12202  |c E*DIPL- 12202  |l EE37  |s P  |a 0  |w stuzp71651_0001